Search the Library Catalogue
| 000 -LEADER | |
|---|---|
| fixed length control field | 01110nam a22001937a 4500 |
| 008 - FIXED-LENGTH DATA ELEMENTS--GENERAL INFORMATION | |
| fixed length control field | 250810b |||||||| |||| 00| 0 eng d |
| 020 ## - INTERNATIONAL STANDARD BOOK NUMBER | |
| ISBN | 9781580930451 |
| Paper back/Hardbound | pbk |
| 041 ## - LANGUAGE CODE | |
| Language code of text/sound track or separate title | eng |
| 082 ## - DEWEY DECIMAL CLASSIFICATION NUMBER | |
| Classification number | 720.92 |
| Item number | GLU |
| 100 ## - MAIN ENTRY--AUTHOR NAME | |
| Personal name | Gluckman, Richard |
| 245 ## - TITLE STATEMENT | |
| Title | Space Framed : Richard Gluckman Architect |
| Statement of responsibility, etc | / Richard Gluckman and Hal Foster |
| 260 ## - PUBLICATION, DISTRIBUTION, ETC. (IMPRINT) | |
| Place of publication | New York |
| Name of publisher | Monacelli Press |
| Year of publication | 2000 |
| 300 ## - PHYSICAL DESCRIPTION | |
| Number of Pages | 240 p. |
| Other physical details | : ill. (chiefly color) |
| Dimensions | ; 28 cm |
| 520 ## - SUMMARY, ETC. | |
| Summary, etc | Presents 38 buildings and projects with large-scale and duotone photographs and detailed presentation drawings. Featured projects include various buildings for the Dia Center For the Arts in New York, the Andy Warhol Museum in Pittsburgh, the renovation and addition to the Whitney Museum of American Art in New York, the Fort Worth Modern Art Museum competition, the Deutsche Guggenheim Berlin, and the Museo Picasso in Malaga, Spain. In addition to generous illustrations and an introduction by the architect, the book features an essay by critic Hal Foster. |
| 650 ## - SUBJECT ADDED ENTRY--TOPICAL TERM | |
| Topical Term | Architecture |
| 700 ## - ADDED ENTRY--PERSONAL NAME | |
| Personal name | Foster, Hal |
| 942 ## - ADDED ENTRY ELEMENTS (KOHA) | |
| Koha item type | Reference |
| Withdrawn status | Lost status | Damaged status | Not for loan | Home library | Current library | Shelving location | Date acquired | Full call number | Accession Number | Price effective from | Koha item type |
|---|---|---|---|---|---|---|---|---|---|---|---|
| Anna Centenary Library | Anna Centenary Library | 6TH FLOOR, B WING | 10.12.2010 | 720.92 GLU | 420973 | 10.08.2025 | Reference |